000
00189 a2200085 4500
020
_a
9781786273284
100
_a
Chris Lefteri
245
_a
Making It
260
_b
Laurence King Publishing
_c
2019
999
_c
13331
_d
13331